Statystyki dla Stolice świata na mapie

Kliknij tutaj aby rozwiązać quiz!

Ogólne statystyki

  • Ten quiz został rozwiązany 16 576 razy
  • Średni wynik to 79 z 196

Odpowiedzi na mapie

Odpowiedzi skodowane kolorowo w zielono-czerwonej skali na mapie do tego quizu, zgodnie z poniższymi procentami.
 

Statystyki odpowiedzi

KrajStolica% Poprawnych
PolskaWarszawa
93%
RosjaMoskwa
92%
NiemcyBerlin
90%
FrancjaParyż
90%
Stany ZjednoczoneWaszyngton
90%
Wielka BrytaniaLondyn
89%
UkrainaKijów
88%
HiszpaniaMadryt
88%
NorwegiaOslo
86%
WłochyRzym
86%
PortugaliaLizbona
85%
MeksykMeksyk
84%
CzechyPraga
84%
IrlandiaDublin
83%
BiałoruśMińsk
83%
SzwecjaSztokholm
83%
GrecjaAteny
82%
FinlandiaHelsinki
82%
DaniaKopenhaga
82%
KanadaOttawa
81%
JaponiaTokio
81%
ChinyPekin
80%
AustriaWiedeń
80%
LitwaWilno
80%
HolandiaAmsterdam
79%
WęgryBudapeszt
79%
SłowacjaBratysława
78%
RumuniaBukareszt
78%
ŁotwaRyga
78%
BelgiaBruksela
77%
IslandiaReykjavik
77%
ChorwacjaZagrzeb
75%
TurcjaAnkara
74%
BułgariaSofia
74%
EstoniaTallinn
74%
BrazyliaBrasilia
73%
WatykanWatykan
72%
EgiptKair
71%
ArgentynaBuenos Aires
70%
San MarinoSan Marino
70%
LuksemburgLuksemburg
69%
AndoraAndora
68%
SzwajcariaBerno
68%
Korea PołudniowaSeul
67%
Bośnia i HercegowinaSarajewo
65%
SerbiaBelgrad
64%
IndieNowe Delhi
64%
AlbaniaTirana
62%
MołdawiaKiszyniów
61%
SłoweniaLublana
61%
LiechtensteinVaduz
61%
AustraliaCanberra
60%
MonakoMonako
60%
MaltaValletta
59%
Macedonia PółnocnaSkopje
57%
IzraelJerozolima
56%
MongoliaUłan Bator
56%
AlgieriaAlgier
55%
KubaHawana
55%
PeruLima
55%
CzarnogóraPodgorica
55%
KosowoPrisztina
55%
TunezjaTunis
55%
Korea PółnocnaPjongjang
53%
ChileSantiago
53%
KolumbiaBogota
52%
MarokoRabat
52%
KazachstanAstana
51%
CyprNikozja
51%
IranTeheran
50%
UrugwajMontevideo
49%
Południowa AfrykaPretoria, Kapsztad
lub Bloemfontein
48%
AzerbejdżanBaku
47%
TajlandiaBangkok
47%
IndonezjaDżakarta
47%
PanamaPanama
47%
SyriaDamaszek
46%
Zjednoczone Emiraty ArabskieAbu Zabi
45%
WenezuelaCaracas
44%
IrakBagdad
43%
BoliwiaLa Paz lub Sucre
43%
Arabia SaudyjskaRijad
43%
SingapurSingapur
43%
Nowa ZelandiaWellington
43%
GruzjaTbilisi
42%
FilipinyManila
41%
WietnamHanoi
40%
ArmeniaErywań
39%
AfganistanKabul
39%
EkwadorQuito
38%
LibiaTrypolis
38%
PakistanIslamabad
37%
KuwejtKuwejt
37%
KeniaNairobi
37%
MadagaskarAntananarywa
36%
SenegalDakar
36%
MalezjaKuala Lumpur
36%
LibanBejrut
35%
GwatemalaGwatemala
35%
TajwanTajpej
34%
JamajkaKingston
33%
Saint Vincent i GrenadynyKingstown
33%
BangladeszDhaka
32%
EtiopiaAddis Abeba
31%
KatarDoha
31%
NepalKatmandu
31%
MalediwyMale
31%
JemenSana
29%
JordaniaAmman
28%
ParagwajAsuncion
28%
SalwadorSan Salvador
28%
SudanChartum
27%
GujanaGeorgetown
27%
Demokratyczna Republika KongaKinszasa
27%
KirgistanBiszkek
26%
DżibutiDżibuti
26%
DominikanaSanto Domingo
26%
Sri LankaSri Dźajawardanapura Kotte
26%
UzbekistanTaszkent
26%
HaitiPort-au-Prince
25%
KostarykaSan Jose
25%
LaosWientian
25%
OmanMaskat
24%
NigeriaAbudża
23%
SomaliaMogadiszu
23%
BahamyNassau
23%
AngolaLuanda
22%
SurinamParamaribo
21%
KambodżaPhnom Penh
21%
Trynidad i TobagoPort-of-Spain
21%
GhanaAkra
20%
TurkmenistanAszchabad
20%
TadżykistanDuszanbe
20%
Gwinea BissauBissau
19%
NikaraguaManagua
19%
BahrajnManama
19%
HondurasTegucigalpa
19%
BelizeBelmopan
18%
Sierra LeoneFreetown
18%
CzadNdżamena
18%
NigerNiamey
18%
Papua-Nowa GwineaPort Moresby
18%
KongoBrazzaville
17%
Timor WschodniDili
17%
BhutanThimphu
17%
MaliBamako
16%
Sudan PołudniowyDżuba
16%
MjanmaNaypyidaw
16%
SeszeleVictoria
16%
TanzaniaDodoma
15%
BotswanaGaborone
15%
UgandaKampala
15%
GabonLibreville
15%
TogoLome
15%
ZambiaLusaka
15%
Wyspy Świętego Tomasza i KsiążęcaSao Tome
15%
NamibiaWindhuk
15%
ErytreaAsmara
14%
BruneiBandar Seri Begawan
14%
BarbadosBridgetown
14%
ZimbabweHarare
14%
MozambikMaputo
14%
MauretaniaNawakszut
14%
BeninPorto-Novo lub Kotonu
14%
Antigua i BarbudaSaint John's
14%
FidżiSuva
14%
Burkina FasoWagadugu
14%
KamerunJaunde
13%
RwandaKigali
13%
LiberiaMonrovia
13%
GrenadaSaint George's
13%
GambiaBandżul
12%
Republika ŚrodkowoafrykańskaBangi
12%
GwineaKonakry
12%
MauritiusPort Louis
12%
Wyspy Zielonego PrzylądkaPraia
12%
DominikaRoseau
12%
SamoaApia
11%
Wyspy SalomonaHoniara
11%
Wybrzeże Kości SłoniowejJamusukro
11%
MalawiLilongwe
11%
LesothoMaseru
11%
EswatiniMbabane
11%
NauruYaren
11%
Saint Kitts i NevisBasseterre
10%
Saint LuciaCastries
10%
BurundiGitega
10%
Gwinea RównikowaMalabo
10%
KomoryMoroni
10%
VanuatuPort Vila
10%
TongaNukuʻalofa
9%
MikronezjaPalikir
9%
KiribatiSouth Tarawa
9%
TuvaluFunafuti
8%
Wyspy MarshallaMajuro
8%
PalauNgerulmud
8%

Rozkład punktacji

Percentyl według liczby udzielonych odpowiedzi

Procent ludzi z każdym wynikiem

Twoja historia wyników

Nie rozwiązałeś tego quizu